| 000 | 00774nam a2200181 a 4500 | ||
|---|---|---|---|
| 005 | 20260112063317.0 | ||
| 039 | 9 |
_y 201406041156 _z staff |
|
| 082 |
_a658.7 _bDAS |
||
| 100 | _aDas, Anupam (2012PGP014) | ||
| 245 |
_aWarehousing Stategy : _bShould SLL own or lease its warehouses for long-term financial soundness? - Advantages and recommendations / _cAnupam Das |
||
| 260 |
_aShillong: _bRajiv Gandhi Indian Institute of Management, _c2014 |
||
| 300 |
_a37p. : _c29cm |
||
| 490 | _aSummer Internship Report submitted in partial fulfillment of the requirements for the award of the Post Graduate Diploma in Management (2012-2014) | ||
| 650 |
_aWarehouse _x Management |
||
| 991 | _aVIRTUA40 | ||
| 991 | _aVTLSSORT0080*0820*1000*2450*2600*3000*4900*6500*9992 | ||
| 909 | _a4933 | ||
| 999 |
_c4404 _d4404 |
||